| 000 | 00647nam a2200217 a 4500 | ||
|---|---|---|---|
| 005 | 20210223125931.0 | ||
| 008 | 060523s2002 mx r 000 0 spa d | ||
| 020 | _a8481563374 | ||
| 035 | _aUPN01000144608 | ||
| 049 | _aC | ||
| 050 | 4 |
_aND1430 _bG5.7 |
|
| 100 | 1 | _aGiorgi, Rosa | |
| 245 | 1 | 0 |
_aSantos / _cRosa Giorgi ; tr. Carmen Muñoz del Río. |
| 260 |
_aBarcelona, Esp. : _bElecta, _c2002. |
||
| 300 |
_a377 p. : _bil. |
||
| 440 | 4 | _aLos diccionarios del arte | |
| 534 |
_pTraducción de: _tSanti |
||
| 650 | 4 |
_aSANTOS EN EL ARTE - _vDICCIONARIOS _94398 |
|
| 650 | 4 |
_aARTE Y SIMBOLISMO CRISTIANOS - _vDICCIONARIOS _94397 |
|
| 905 | _aLibro | ||
| 999 |
_c116755 _d116755 |
||